UM Logo

Validity in educational & psychological assessment/ (Record no. 520)

MARC details
000 -LEADER
fixed length control field 00644nam a22002057a 4500
008 - FIXED-LENGTH DATA ELEMENTS--GENERAL INFORMATION
fixed length control field 160104b xxu||||| |||| 00| 0 eng d
020 ## - INTERNATIONAL STANDARD BOOK NUMBER
International Standard Book Number 978-1-4462-5322-9
020 ## - INTERNATIONAL STANDARD BOOK NUMBER
International Standard Book Number 978-1-4462-5323-6
082 ## - DEWEY DECIMAL CLASSIFICATION NUMBER
Classification number DC 150.287
Item number N48
100 ## - MAIN ENTRY--PERSONAL NAME
9 (RLIN) 1363
Personal name Newton, Paul E.
245 ## - TITLE STATEMENT
Title Validity in educational & psychological assessment/
Statement of responsibility, etc. Paul E. Newton & Stuart D. Shaw
260 ## - PUBLICATION, DISTRIBUTION, ETC. (IMPRINT)
Place of publication, distribution, etc. Los Angeles;
Name of publisher, distributor, etc. Sage,
Date of publication, distribution, etc. c2014.
300 ## - PHYSICAL DESCRIPTION
Extent xxi, 253 pages;
Dimensions 24 cm.
500 ## - GENERAL NOTE
General note Includes index.
650 #0 - SUBJECT ADDED ENTRY--TOPICAL TERM
9 (RLIN) 1366
Topical term or geographic name as entry element Educational assessment
650 #0 - SUBJECT ADDED ENTRY--TOPICAL TERM
9 (RLIN) 1367
Topical term or geographic name as entry element Psychological assessment
700 ## - ADDED ENTRY--PERSONAL NAME
9 (RLIN) 1364
Personal name Shaw, Stuart D.
365 ## - TRADE PRICE
Price amount 3,632.00
Currency code PHP.
942 ## - ADDED ENTRY ELEMENTS (KOHA)
Source of classification or shelving scheme Dewey Decimal Classification
Koha item type Circulation
Holdings
Withdrawn status Lost status Source of classification or shelving scheme Damaged status Not for loan Collection code Home library Current library Date acquired Source of acquisition Total Checkouts Full call number Barcode Date last seen Copy number Price effective from Koha item type
    Dewey Decimal Classification     Circulation UM Digos College - LIC UM Digos College - LIC   Purchased   DC 150.287 N48 2014 22501 05/15/2025 1 01/04/2016 Circulation